000 01046nam a2200325 a 4500
001 vtls000060777
003 NLI
005 20210601191710.0
008 101125s1969 ii 001 0 eng
039 9 _y201011250610
_zVLOAD
040 _aNLI
_beng
_cVTLS
_eAACR2
041 0 _aeng
044 _aii
082 0 4 _a491.1
100 1 _aSinha, Jayadhari
_9153006
245 1 0 _aClaims of Maithili for inclusion in the Indian constitution /
_cJayadhari Sinha
260 _aMadhubani :
_b[s.n.] ,
_c1969
300 _a24 p. ;
_c22 cm.
504 _aIncludes bibliographical references and index
650 0 _aIndia
_xLanguages
_xPolitical aspects
_9153007
650 0 _aMaithili language
_9153008
650 0 _aIndo-Aryan languages
_9136848
887 _a
901 _aG26859
_b05.07.1975
902 _aE491.1 Si64
906 _a0003346
949 _AVIRTUAITEM
_D10000
_X100
_6GXX000026859ENG
942 _2ddc
_cBKS
999 _aVIRTUA00
_c65166
_d65166
999 _aVTLSSORT0080*0400*0410*0440*0820*1000*2450*2600*3000*5040*6500*6501*6502*9010*9020*9060*9490*9991